[Event "Schachfestival Basel"]
[Site "?"]
[Date "2017.01.03"]
[Round "2.22"]
[White "Roe, Simon J"]
[Black "Kunin, Vitaly"]
[Result "0-1"]
[WhiteElo "2211"]
[BlackElo "2576"]
[PlyCount "60"]
[EventDate "2017.01.??"]
[EventType "swiss"]
[EventRounds "9"]

1. Nf3 Nf6 2. c4 e6 3. d4 c5 4. e3 cxd4 5. exd4 Bb4+ 6. Bd2 Be7 7. Nc3 b6 8. d5
Bb7 9. Bg5 Bb4 10. Qb3 Na6 11. Be2 h6 12. Bh4 Rc8 13. O-O Bxc3 14. Qxc3 Bxd5
15. Bxf6 gxf6 16. Qa3 Bb7 17. Rad1 Qe7 18. Qe3 Nc7 19. Rfe1 f5 20. g3 Be4 21.
Ne5 d6 22. Nf3 Rd8 23. Nd2 Ba8 24. Nb3 Qg5 25. Qc3 O-O 26. Rd4 e5 27. Rh4 Ne6
28. Qc2 Nf4 29. Bd1 Kh8 30. Nd4 Qxh4 0-1

[Event "Schachfestival Basel"]
[Site "?"]
[Date "2017.01.03"]
[Round "2.23"]
[White "Pelletier, Yannick"]
[Black "Schleich, Markus"]
[Result "1-0"]
[WhiteElo "2576"]
[BlackElo "2196"]
[PlyCount "53"]
[EventDate "2017.01.??"]
[EventType "swiss"]
[EventRounds "9"]

1. Nf3 Nf6 2. c4 g6 3. Nc3 Bg7 4. d4 O-O 5. e4 d6 6. Be2 Na6 7. O-O e5 8. Re1
c6 9. Be3 exd4 10. Nxd4 Re8 11. f3 d5 12. cxd5 Nxd5 13. Nxd5 cxd5 14. Bxa6 bxa6
15. Nc6 Qc7 16. exd5 Bd7 17. Rc1 Qb7 18. b3 Rxe3 19. Rxe3 Qb6 20. Ne7+ Kf8 21.
Qd2 Re8 22. d6 Bd4 23. Rce1 Qxd6 24. Kh1 Be6 25. Rd3 Qxe7 26. Rxd4 Rc8 27. Qh6+
1-0

[Event "Schachfestival Basel"]
[Site "?"]
[Date "2017.01.03"]
[Round "2.24"]
[White "Kappeler, Kaspar"]
[Black "Bellahcene, Bilel"]
[Result "0-1"]
[WhiteElo "2241"]
[BlackElo "2493"]
[PlyCount "116"]
[EventDate "2017.01.??"]
[EventType "swiss"]
[EventRounds "9"]

1. d4 d5 2. c4 e6 3. Nf3 Nf6 4. g3 Bb4+ 5. Bd2 Be7 6. Bg2 O-O 7. O-O Nbd7 8.
Qc2 Ne4 9. Bf4 c6 10. Ne5 g5 11. Be3 f5 12. Nd3 h6 13. f3 Nef6 14. Nd2 Re8 15.
Bf2 Bf8 16. e4 dxe4 17. fxe4 Ng4 18. Rae1 Bg7 19. Nb3 Nf8 20. e5 Qc7 21. Kh1
Nxf2+ 22. Rxf2 Rd8 23. g4 Ng6 24. Qe2 Nh4 25. Bh3 f4 26. Qd2 b6 27. c5 Ba6 28.
Nb4 Bc4 29. Bf1 Bxf1 30. Rfxf1 a5 31. Nd3 Bf8 32. Qc3 Qd7 33. Nf2 a4 34. Ne4
Be7 35. Nbd2 Qxd4 36. cxb6 Qxb6 37. Qc4 Rd5 38. Nc3 Bb4 39. Nxd5 cxd5 40. Qd3
Kg7 41. Rc1 Bxd2 42. Qxd2 Rf8 43. Qf2 Qb7 44. Qd4 f3 45. Rf2 Rf7 46. Qxa4 Qb6
47. Qc2 Qd4 48. Rg1 Qxe5 49. b4 d4 50. a4 Rc7 51. Qd2 Qd5 52. b5 e5 53. b6 Rf7
54. Rb1 e4 55. b7 e3 56. b8=Q exd2 57. Qb2 Re7 58. Rbf1 Re1 0-1

[Event "Schachfestival Basel"]
[Site "?"]
[Date "2017.01.03"]
[Round "2.26"]
[White "Paul, Mathias"]
[Black "Benkovic, Petar"]
[Result "1-0"]
[WhiteElo "2135"]
[BlackElo "2424"]
[PlyCount "73"]
[EventDate "2017.01.??"]
[EventType "swiss"]
[EventRounds "9"]

1. e4 c5 2. Be2 e6 3. f4 d5 4. d3 Nc6 5. Nf3 Nf6 6. e5 Nd7 7. c4 Nb6 8. O-O Be7
9. Nc3 O-O 10. Kh1 a6 11. Bd2 Nd4 12. Nxd4 cxd4 13. Na4 dxc4 14. Ba5 cxd3 15.
Bxd3 Qd5 16. Bxb6 Bd7 17. b3 Rac8 18. Qf3 Qxf3 19. gxf3 Bc6 20. Be4 Bxe4 21.
fxe4 d3 22. Rfd1 f6 23. Rxd3 fxe5 24. fxe5 Rc2 25. Rd7 Bh4 26. Rad1 Re2 27.
Rxb7 Rxe4 28. Nc5 Rg4 29. Nxa6 g6 30. a4 Rf3 31. Rc1 Rf8 32. a5 Re4 33. Nc5 Rb4
34. a6 Bf2 35. Nd7 Rf3 36. Bxf2 Rfxb3 37. Nf6+ 1-0

[Event "Schachfestival Basel"]
[Site "?"]
[Date "2017.01.03"]
[Round "2.27"]
[White "Antal, Tibor Kende"]
[Black "Biastoch, Bennet"]
[Result "1/2-1/2"]
[WhiteElo "2420"]
[BlackElo "2134"]
[PlyCount "60"]
[EventDate "2017.01.??"]
[EventType "swiss"]
[EventRounds "9"]

1. e4 c5 2. Nf3 d6 3. Bb5+ Bd7 4. Bxd7+ Qxd7 5. c4 Nc6 6. d4 cxd4 7. Nxd4 g6 8.
Nc3 Bg7 9. Be3 Nf6 10. f3 O-O 11. O-O Rfc8 12. b3 a6 13. Qd3 Rab8 14. Rac1 Nxd4
15. Bxd4 b5 16. Nd5 Nxd5 17. cxd5 Bxd4+ 18. Qxd4 Rb7 19. h3 Rbc7 20. Qd2 Rc5
21. Rxc5 Rxc5 22. Rc1 Qc7 23. Rxc5 Qxc5+ 24. Kf1 Kg7 25. Ke2 h5 26. Kd3 b4 27.
Qc2 Qg1 28. Kc4 Qc5+ 29. Kd3 Qg1 30. Kc4 Qc5+ 1/2-1/2

[Event "Schachfestival Basel"]
[Site "?"]
[Date "2017.01.03"]
[Round "2.28"]
[White "Guennigmann, Manuel"]
[Black "Botta, Gabriele"]
[Result "1-0"]
[WhiteElo "2183"]
[BlackElo "2377"]
[PlyCount "89"]
[EventDate "2017.01.??"]
[EventType "swiss"]
[EventRounds "9"]

1. e4 c5 2. Nf3 e6 3. d4 cxd4 4. Nxd4 a6 5. Bd3 Nf6 6. O-O Qc7 7. Qe2 d6 8. f4
Nbd7 9. Kh1 g6 10. f5 e5 11. Ne6 fxe6 12. fxe6 Bg7 13. exd7+ Bxd7 14. Nc3 O-O
15. Bc4+ Kh8 16. Bg5 b5 17. Bxf6 Bxf6 18. Bb3 Bc6 19. Bd5 Bg7 20. a3 Rac8 21.
Bxc6 Qxc6 22. Rxf8+ Rxf8 23. Rf1 Rc8 24. Rf2 Bh6 25. Nd5 Qc4 26. c3 Qxe2 27.
Rxe2 Rc4 28. b3 Rc6 29. Ra2 a5 30. a4 bxa4 31. Rxa4 Bd2 32. Ra2 Be1 33. g3 Rc5
34. Rc2 Rb5 35. Re2 Rxd5 36. exd5 Bxc3 37. Rc2 Bb4 38. Rc7 Kg8 39. Kg2 h6 40.
g4 Kf8 41. Kf3 Be1 42. Ra7 Kg8 43. Ke4 Kf8 44. Rd7 Bb4 45. h4 1-0

[Event "Schachfestival Basel"]
[Site "?"]
[Date "2017.01.03"]
[Round "2.29"]
[White "Kozak, Adam"]
[Black "Beukema, Jasper"]
[Result "0-1"]
[WhiteElo "2376"]
[BlackElo "2182"]
[PlyCount "84"]
[EventDate "2017.01.??"]
[EventType "swiss"]
[EventRounds "9"]

1. d4 f5 2. g3 e6 3. Bg2 Nf6 4. Nf3 Be7 5. c4 d6 6. O-O O-O 7. b3 Ne4 8. Bb2
Bf6 9. Nbd2 Nc6 10. Ne1 d5 11. Ndf3 Ne7 12. Nd3 g5 13. Nfe5 Ng6 14. Rc1 c6 15.
f3 Nd6 16. e3 Nf7 17. Nxg6 hxg6 18. Qe2 Qd6 19. Rfd1 b6 20. Qf2 Rd8 21. Qc2 Bb7
22. Nf2 Bg7 23. e4 Rac8 24. Qb1 Qe7 25. Qa1 g4 26. exf5 gxf3 27. Bxf3 Ng5 28.
Bg2 exf5 29. Re1 Ne4 30. Nd3 c5 31. Bxe4 fxe4 32. cxd5 Rxd5 33. Nf4 Rxd4 34.
Re3 Rf8 35. Rce1 Qf7 36. Bxd4 Bxd4 37. Qd1 Qf5 38. Qe2 g5 39. Ng2 Qf3 40. Qd2
Ba6 41. Qc1 Qf2+ 42. Kh1 Bf1 0-1

[Event "Schachfestival Basel"]
[Site "?"]
[Date "2017.01.03"]
[Round "2.30"]
[White "Bluhm, Sonja Maria"]
[Black "Brait, Wolfgang"]
[Result "1-0"]
[WhiteElo "2276"]
[BlackElo "1923"]
[PlyCount "53"]
[EventDate "2017.01.??"]
[EventType "swiss"]
[EventRounds "9"]

1. e4 e6 2. d3 b6 3. g3 Bb7 4. Bg2 c5 5. f4 d5 6. e5 Nc6 7. c3 h5 8. Nh3 Nge7
9. Be3 Nf5 10. Bf2 Qc7 11. a4 d4 12. O-O Be7 13. Nd2 Rd8 14. Qe2 Na5 15. Ne4 c4
16. dxc4 d3 17. Qf3 Nxc4 18. Rfd1 d2 19. Qe2 Bxe4 20. Bxe4 Bc5 21. Bd3 Nfe3 22.
Bxc4 Nxc4 23. b3 Na5 24. Ra2 Nxb3 25. Qb5+ Ke7 26. Qxb3 Rd3 27. Raxd2 1-0

[Event "Schachfestival Basel"]
[Site "?"]
[Date "2017.01.03"]
[Round "2.31"]
[White "Harringer, Manfred"]
[Black "Schneider, Jana"]
[Result "0-1"]
[WhiteElo "2009"]
[BlackElo "2274"]
[PlyCount "168"]
[EventDate "2017.01.??"]
[EventType "swiss"]
[EventRounds "9"]

1. e4 e6 2. c4 Ne7 3. d4 d5 4. Nc3 c5 5. dxc5 d4 6. Na4 Nec6 7. a3 a5 8. Bd2
Na6 9. Nf3 Nxc5 10. Nxc5 Bxc5 11. Bd3 e5 12. b4 axb4 13. axb4 Rxa1 14. Qxa1
Nxb4 15. Nxe5 O-O 16. O-O Nxd3 17. Nxd3 b6 18. Qa7 Qd6 19. Rb1 Be6 20. Bf4 Qc6
21. Nxc5 bxc5 22. f3 Bxc4 23. Rb7 h6 24. Rc7 Qb5 25. Rb7 Qc6 26. Rc7 Ra8 27.
Rxc6 Rxa7 28. Rxc5 Ra1+ 29. Kf2 Ra2+ 30. Kg1 Be2 31. Rd5 d3 32. Kf2 Bd1+ 33.
Kf1 Kh7 34. h4 Bb3 35. Rd6 Bc4 36. Kg1 f6 37. Rd4 Ba6 38. h5 Ra5 39. Rd5 Ra1+
40. Kf2 Ra3 41. Rd4 Bb5 42. Rd8 Bc4 43. Rd4 Ba2 44. Bd2 Bb1 45. Ke3 Bc2 46. Rd8
Rb3 47. Rd4 Rb1 48. Kf2 Rb2 49. Kg1 Rb3 50. Kf2 Bd1 51. Ke3 Be2 52. Kf2 Rb1 53.
Be1 Kg8 54. Rd6 Kf7 55. Rd8 Ke7 56. Rd5 Ke6 57. Rd8 Rb5 58. g4 Rb2 59. Rd5 Bd1+
60. Kg3 Re2 61. Bb4 Re3 62. Rf5 Bb3 63. Ra5 Kf7 64. Ra7+ Kg8 65. Kf4 Re2 66.
Rd7 Bc2 67. Kf5 Kh7 68. Kf4 Rf2 69. Bc3 Kg8 70. Bb4 Rf1 71. Kf5 Kh7 72. Kf4 Rb1
73. Bc3 Kg8 74. Ba5 Rb3 75. Bd2 Bd1 76. Ke3 Be2 77. Rc7 Rb2 78. Ba5 Bf1 79. Bd2
Be2 80. Ba5 Rb1 81. f4 Rg1 82. g5 hxg5 83. fxg5 Rxg5 84. h6 Rxa5 0-1

[Event "Schachfestival Basel"]
[Site "?"]
[Date "2017.01.03"]
[Round "2.32"]
[White "Cholleti, Sahajasri"]
[Black "Pratyusha, Bodda"]
[Result "1/2-1/2"]
[WhiteElo "1987"]
[BlackElo "2247"]
[PlyCount "53"]
[EventDate "2017.01.??"]
[EventType "swiss"]
[EventRounds "9"]

1. d4 d5 2. c4 c6 3. Nc3 Nf6 4. e3 g6 5. Nf3 Bg7 6. Bd3 O-O 7. O-O a6 8. a4 a5
9. Ne5 Na6 10. cxd5 Nxd5 11. Nxd5 cxd5 12. Bd2 f6 13. Nf3 e5 14. Qb3 Kh8 15.
Ne1 e4 16. Be2 f5 17. g3 Nc7 18. Ng2 Ne6 19. f4 Qd6 20. Kh1 Bd7 21. Rfc1 b6 22.
Rc3 Rfc8 23. Rac1 Rxc3 24. bxc3 Rb8 25. Rb1 Bc6 26. c4 dxc4 27. Bxc4 1/2-1/2

[Event "Schachfestival Basel"]
[Site "?"]
[Date "2017.01.03"]
[Round "2.33"]
[White "Zwahr, Paul"]
[Black "Lumsdon, Andrew"]
[Result "1-0"]
[WhiteElo "2325"]
[BlackElo "1994"]
[PlyCount "51"]
[EventDate "2017.01.??"]
[EventType "swiss"]
[EventRounds "9"]

1. e4 c6 2. d4 d5 3. Nd2 dxe4 4. Nxe4 Nf6 5. Nxf6+ gxf6 6. Nf3 Bg4 7. Be2 Qc7
8. O-O Nd7 9. Nh4 Bxe2 10. Qxe2 e6 11. c4 O-O-O 12. g3 Rg8 13. Qh5 Nb6 14. b3
Rxd4 15. Bb2 Rdg4 16. Bxf6 Bd6 17. c5 Bxg3 18. fxg3 Rxg3+ 19. Kh1 Rh3 20. Qe2
Nd5 21. Be5 Qe7 22. Ng2 Qxc5 23. Rxf7 Rh6 24. Rd1 Rhg6 25. Bg3 Rh6 26. Qe5 1-0

[Event "Schachfestival Basel"]
[Site "?"]
[Date "2017.01.03"]
[Round "2.34"]
[White "Schweizer, Simon"]
[Black "Van Foreest, Jorden"]
[Result "0-1"]
[WhiteElo "2131"]
[BlackElo "2612"]
[PlyCount "76"]
[EventDate "2017.01.??"]
[EventType "swiss"]
[EventRounds "9"]

1. e4 c5 2. Nf3 e6 3. d4 cxd4 4. Nxd4 d6 5. Nc3 a6 6. g3 Nf6 7. Bg2 Be7 8. O-O
O-O 9. h3 Qc7 10. f4 Nc6 11. Kh2 Nxd4 12. Qxd4 e5 13. Qd3 Be6 14. b3 Rac8 15.
Bb2 Rfd8 16. f5 Bd7 17. Rad1 b5 18. a3 a5 19. Rd2 Qb7 20. Nd5 Nxd5 21. exd5 Bf6
22. Be4 b4 23. a4 Rc5 24. Rg2 Bc8 25. Rff2 Qa6 26. Qf3 Qa8 27. h4 Bb7 28. Rd2
Rdc8 29. Kh3 Ba6 30. g4 Rc3 31. Bxc3 Rxc3 32. Bd3 Bb7 33. Rg3 Bxd5 34. Qd1 e4
35. Bf1 Rc5 36. Re3 Be5 37. Rf2 Bb7 38. Bg2 d5 0-1

[Event "Schachfestival Basel"]
[Site "?"]
[Date "2017.01.03"]
[Round "2.35"]
[White "Nandhidhaa, PV."]
[Black "Jaber, Daniel"]
[Result "1/2-1/2"]
[WhiteElo "2268"]
[BlackElo "2135"]
[PlyCount "105"]
[EventDate "2017.01.??"]
[EventType "swiss"]
[EventRounds "9"]

1. e4 e6 2. d4 d5 3. Bd3 dxe4 4. Bxe4 Nf6 5. Bf3 Nc6 6. Ne2 Bd6 7. O-O O-O 8.
Nbc3 e5 9. d5 Ne7 10. Bg5 Nd7 11. Ne4 f5 12. Nxd6 cxd6 13. g3 Nf6 14. Bg2 h6
15. Be3 Ng4 16. Bd2 Bd7 17. b3 b5 18. h3 Nf6 19. Be3 Qc7 20. Rc1 b4 21. Qd2 Qb7
22. c4 bxc3 23. Nxc3 Rac8 24. Rfd1 Be8 25. f4 e4 26. Qd4 Bh5 27. g4 fxg4 28.
Nxe4 Nxe4 29. Qxe4 gxh3 30. Bxh3 Rxc1 31. Rxc1 Bf7 32. Be6 Kh8 33. f5 Bxe6 34.
fxe6 Qxd5 35. Qxd5 Nxd5 36. Bxa7 Ra8 37. Bd4 Rxa2 38. Rc8+ Kh7 39. Rd8 Rd2 40.
Bf2 Re2 41. Rxd6 Nf4 42. Kf1 Rxe6 43. Rxe6 Nxe6 44. b4 Kg6 45. b5 Kf5 46. b6
Nd8 47. Kg2 Ke6 48. Bd4 g6 49. Kg3 Kd6 50. Be3 Nf7 51. Kh4 h5 52. Bf2 Kc6 53.
Be3 1/2-1/2

[Event "Schachfestival Basel"]
[Site "?"]
[Date "2017.01.03"]
[Round "2.36"]
[White "Haag, Gregor"]
[Black "Ramaraju, N."]
[Result "1/2-1/2"]
[WhiteElo "2251"]
[BlackElo "2124"]
[PlyCount "109"]
[EventDate "2017.01.??"]
[EventType "swiss"]
[EventRounds "9"]

1. d4 Nf6 2. Nf3 b6 3. g3 Bb7 4. Bg2 g6 5. c4 Bg7 6. O-O O-O 7. Nc3 Ne4 8. Qd3
Nxc3 9. Qxc3 c5 10. e3 Nc6 11. Qd2 Rc8 12. Rd1 cxd4 13. Nxd4 d6 14. Rb1 Qd7 15.
Nxc6 Bxc6 16. b3 Bxg2 17. Kxg2 b5 18. cxb5 Qxb5 19. Bb2 Bxb2 20. Rxb2 Rc5 21.
Qe2 Qc6+ 22. Qf3 Rc8 23. Qxc6 R8xc6 24. Rd4 Ra6 25. Rb4 Ra3 26. Rb7 Kf8 27. h4
h5 28. e4 f6 29. Rd2 Ke8 30. Kf3 Rc3+ 31. Kg2 Rc1 32. Kf3 Rc3+ 33. Kg2 Rc6 34.
Kf3 Kf7 35. Ke3 Ke6 36. Kd3 Rc1 37. Ke3 Rc5 38. Kf3 g5 39. hxg5 fxg5 40. Kg2 g4
41. Rb8 Re5 42. Rh8 Rea5 43. Rh6+ Kf7 44. Rd5 Rxd5 45. exd5 Rxa2 46. Rxh5 Rb2
47. Rf5+ Kg6 48. Rf4 Rxb3 49. Rxg4+ Kf5 50. Ra4 Rb7 51. g4+ Ke5 52. Ra5 Kf4 53.
Ra4+ Ke5 54. Ra5 Kf4 55. Ra4+ 1/2-1/2

[Event "Schachfestival Basel"]
[Site "?"]
[Date "2017.01.03"]
[Round "2.37"]
[White "Nguyen, Kevin"]
[Black "Yakimenko, Alexander"]
[Result "1-0"]
[WhiteElo "2122"]
[BlackElo "2242"]
[PlyCount "91"]
[EventDate "2017.01.??"]
[EventType "swiss"]
[EventRounds "9"]

1. e4 e5 2. Nf3 Nc6 3. Bb5 a6 4. Ba4 d6 5. d3 Nge7 6. Nc3 Bd7 7. O-O g6 8. Bg5
Bg7 9. Nd5 h6 10. Bf6 Kf8 11. Bxc6 Bxf6 12. Bxb7 Nxd5 13. Bxd5 Rb8 14. Bb3 g5
15. Nd2 h5 16. Nc4 Qc8 17. Ne3 Rh6 18. Nd5 Bg7 19. Qd2 Rg6 20. Qa5 c6 21. Nb6
Rxb6 22. Qxb6 Bh6 23. Bc4 g4 24. Bxa6 Qe8 25. Rae1 h4 26. Bc4 Qe7 27. d4 Bf4
28. g3 Kg7 29. Qb3 Bh6 30. dxe5 dxe5 31. Rd1 Be8 32. Qd3 Bg5 33. a4 Qc5 34. Kg2
Rf6 35. Qe2 Rf3 36. b3 f6 37. Rd8 Bg6 38. Be6 Bh5 39. Rfd1 h3+ 40. Kh1 Rxf2 41.
R1d7+ Kg6 42. Rg8+ Kh6 43. Rh8+ Kg6 44. Bf5+ Rxf5 45. exf5+ Kxf5 46. Rxh5 1-0

[Event "Schachfestival Basel"]
[Site "?"]
[Date "2017.01.03"]
[Round "2.38"]
[White "Ruff, Maximilian"]
[Black "Martig, Markus"]
[Result "1/2-1/2"]
[WhiteElo "2228"]
[BlackElo "2104"]
[PlyCount "80"]
[EventDate "2017.01.??"]
[EventType "swiss"]
[EventRounds "9"]

1. d4 Nf6 2. c4 e6 3. g3 d5 4. Nf3 Bd6 5. Bg2 O-O 6. O-O b6 7. cxd5 exd5 8. Nc3
c6 9. a3 Nbd7 10. b4 a6 11. Bb2 Bb7 12. Qb3 Re8 13. e3 Qe7 14. Nd2 a5 15. b5
cxb5 16. Nxb5 a4 17. Qa2 Ne4 18. Bc3 Rac8 19. Nxd6 Qxd6 20. Bb4 Qg6 21. Rac1
Ba6 22. Rfe1 Nxd2 23. Qxd2 Nf6 24. f3 h5 25. Bh3 Rxc1 26. Rxc1 h4 27. Kf2 hxg3+
28. hxg3 Nh5 29. Bg4 Nxg3 30. Kxg3 f5 31. Qc2 Rc8 32. Qb1 Rxc1 33. Qxc1 fxg4
34. fxg4 Qe4 35. Qd2 Qh1 36. Qf2 Bf1 37. Qf8+ Kh7 38. Qf5+ Kg8 39. Qf8+ Kh7 40.
Qf5+ Kg8 1/2-1/2

[Event "Schachfestival Basel"]
[Site "?"]
[Date "2017.01.03"]
[Round "2.39"]
[White "Kutschenko, Roland"]
[Black "Heinemann, Josefine"]
[Result "0-1"]
[WhiteElo "2101"]
[BlackElo "2227"]
[PlyCount "66"]
[EventDate "2017.01.??"]
[EventType "swiss"]
[EventRounds "9"]

1. d4 Nf6 2. Bg5 Ne4 3. Bf4 c5 4. e3 Qb6 5. Bd3 Qxb2 6. Bxe4 Qxa1 7. Nf3 e6 8.
d5 Qxa2 9. O-O Be7 10. d6 Bf6 11. g4 g6 12. Bh6 Qa4 13. Nbd2 Nc6 14. g5 Bc3 15.
h3 Rg8 16. Bd3 b6 17. Ne4 Bh8 18. Qe2 Bb7 19. Nf6+ Bxf6 20. gxf6 Na5 21. c4 Qc6
22. e4 Qxd6 23. Rd1 e5 24. Bc2 Qxf6 25. Bg5 Qe6 26. Ba4 Bc6 27. Rd5 f6 28. Bxf6
Qxf6 29. Rxe5+ Kd8 30. Bxc6 Nxc6 31. Rd5 Rf8 32. Ng5 Nd4 33. Qe3 Nf3+ 0-1

[Event "Schachfestival Basel"]
[Site "?"]
[Date "2017.01.03"]
[Round "2.40"]
[White "Vulevic, Vjekoslav"]
[Black "Kokje, Joris"]
[Result "1/2-1/2"]
[WhiteElo "2225"]
[BlackElo "2093"]
[PlyCount "84"]
[EventDate "2017.01.??"]
[EventType "swiss"]
[EventRounds "9"]

1. e4 c5 2. Nf3 d6 3. h3 Nf6 4. c3 Nc6 5. Bd3 g6 6. O-O Bg7 7. Re1 O-O 8. Bc2
b5 9. d4 cxd4 10. cxd4 Bb7 11. Nc3 a6 12. Bg5 h6 13. Be3 Na5 14. e5 dxe5 15.
dxe5 Nd5 16. Nxd5 Qxd5 17. e6 fxe6 18. Bxg6 Nc4 19. Qe2 Nxb2 20. Rab1 Qxa2 21.
Nh4 Qc4 22. Qh5 Nd3 23. Bxd3 Qxd3 24. Bxh6 Bxh6 25. Qxh6 Rf6 26. Qg5+ Kh8 27.
Rbd1 Qh7 28. Rd4 Rg8 29. Qe5 Bxg2 30. Nxg2 Qxh3 31. Qh2 Qxh2+ 32. Kxh2 Rxf2 33.
Rh4+ Kg7 34. Rg4+ Kf7 35. Rxg8 Kxg8 36. Rxe6 a5 37. Rxe7 a4 38. Kg3 Rb2 39. Ra7
Rb3+ 40. Kf4 a3 41. Ne3 b4 42. Nd5 Rb2 1/2-1/2

[Event "Schachfestival Basel"]
[Site "?"]
[Date "2017.01.03"]
[Round "2.41"]
[White "Probst, Andreas"]
[Black "Srienz, Christian"]
[Result "1/2-1/2"]
[WhiteElo "2093"]
[BlackElo "2223"]
[PlyCount "60"]
[EventDate "2017.01.??"]
[EventType "swiss"]
[EventRounds "9"]

1. Nf3 Nf6 2. g3 e6 3. Bg2 d5 4. O-O c5 5. d3 Nc6 6. Nbd2 Be7 7. e4 O-O 8. Re1
b5 9. e5 Nd7 10. Nf1 a5 11. h4 b4 12. N1h2 a4 13. a3 bxa3 14. bxa3 Ba6 15. Bg5
Rb8 16. Bxe7 Qxe7 17. h5 h6 18. Ng4 Nd4 19. Qd2 Kh7 20. Rab1 Qd8 21. Rxb8 Qxb8
22. Nxd4 cxd4 23. Qf4 Qb2 24. Bxd5 exd5 25. Qf5+ Kg8 26. Nxh6+ gxh6 27. Qg4+
Kh8 28. Qf4 Kg7 29. Qg4+ Kh8 30. Qf4 Kg7 1/2-1/2

[Event "Schachfestival Basel"]
[Site "?"]
[Date "2017.01.03"]
[Round "2.42"]
[White "Jakel, Wolfgang"]
[Black "Schmider, Niklas"]
[Result "1/2-1/2"]
[WhiteElo "2223"]
[BlackElo "2065"]
[PlyCount "62"]
[EventDate "2017.01.??"]
[EventType "swiss"]
[EventRounds "9"]

1. e4 c5 2. Nf3 d6 3. d4 cxd4 4. Nxd4 Nf6 5. Nc3 a6 6. Be2 e5 7. Nb3 Be7 8. O-O
O-O 9. a4 Be6 10. f4 exf4 11. Bxf4 Nc6 12. Kh1 d5 13. e5 Ne4 14. Bd3 Nxc3 15.
bxc3 g6 16. Qf3 Qc7 17. Nd4 Nxd4 18. cxd4 b5 19. Bh6 Rfd8 20. Bd2 Qc6 21. axb5
axb5 22. Rab1 Rdb8 23. Bb4 Bxb4 24. Rxb4 Qc3 25. Rxb5 Rxb5 26. Bxb5 Qxd4 27.
Qf6 Ra1 28. h4 Rxf1+ 29. Bxf1 Qg4 30. Be2 Qf5 31. g4 Qxc2 1/2-1/2

[Event "Schachfestival Basel"]
[Site "?"]
[Date "2017.01.03"]
[Round "2.43"]
[White "Graeber, Fabien"]
[Black "Halfhide, Sebastian"]
[Result "0-1"]
[WhiteElo "2073"]
[BlackElo "2222"]
[PlyCount "116"]
[EventDate "2017.01.??"]
[EventType "swiss"]
[EventRounds "9"]

1. Nf3 Nf6 2. c4 e6 3. Nc3 c5 4. d4 cxd4 5. Nxd4 a6 6. g3 Qc7 7. Bg2 Qxc4 8.
O-O Be7 9. e4 d6 10. Be3 Qc7 11. Rc1 Qd8 12. Qa4+ Nbd7 13. h3 O-O 14. Rfd1 Ne5
15. f4 Bd7 16. Qb3 Nc6 17. Nxc6 bxc6 18. g4 h6 19. Ne2 Rb8 20. Qc2 Qc8 21. Ng3
Qb7 22. b3 Rfc8 23. Bf3 Ne8 24. Kg2 d5 25. Qf2 Bh4 26. Bc5 dxe4 27. Bxe4 Nf6
28. Qd4 Nd5 29. Nh5 f6 30. Bb1 Be8 31. Qe4 g6 32. Ng3 Bf7 33. Bd6 Ra8 34. f5
exf5 35. gxf5 g5 36. Qd4 Rd8 37. Qc5 Qd7 38. Ne4 Kg7 39. Rf1 Re8 40. Kh2 Rad8
41. Qxc6 Rxe4 42. Bxe4 Qxd6+ 43. Qxd6 Rxd6 44. Rfd1 Bf2 45. Rc7 Nxc7 46. Rxd6
Be3 47. Kg2 Bf4 48. Rd7 Kf8 49. Kf2 Be8 50. Rd3 Ke7 51. Rc3 Be5 52. Rc1 Bd7 53.
Kf3 Nb5 54. Bd3 Nd4+ 55. Kg4 Be8 56. h4 h5+ 57. Kh3 g4+ 58. Kg2 Nf3 0-1

[Event "Schachfestival Basel"]
[Site "?"]
[Date "2017.01.03"]
[Round "2.44"]
[White "Bethke, Richard"]
[Black "Pfatteicher, Lukas"]
[Result "1-0"]
[WhiteElo "2055"]
[BlackElo "2216"]
[PlyCount "103"]
[EventDate "2017.01.??"]
[EventType "swiss"]
[EventRounds "9"]

1. e4 c5 2. Nf3 d6 3. d4 cxd4 4. Nxd4 Nf6 5. Nc3 g6 6. Bg5 Bg7 7. Be2 Nc6 8.
O-O O-O 9. Nb3 a5 10. a4 Be6 11. Re1 Rc8 12. Bf1 Re8 13. Nd5 Ne5 14. Nxf6+ exf6
15. Bd2 b6 16. Nd4 d5 17. exd5 Bxd5 18. Bc3 f5 19. Bb5 Qg5 20. g3 Qh6 21. Nxf5
Nf3+ 22. Qxf3 Rxe1+ 23. Rxe1 Bxf3 24. Nxh6+ Bxh6 25. Be2 Bc6 26. Ba6 Ra8 27.
Bb5 Bf3 28. Bd4 Bg7 29. Bxb6 Bxb2 30. c4 g5 31. Re3 g4 32. c5 Bd4 33. Rd3 Be5
34. c6 Kg7 35. Rd8 Bxc6 36. Rxa8 Bxa8 37. Bxa5 f5 38. Bb6 h5 39. Bd7 f4 40. Bc8
f3 41. a5 Bc6 42. a6 Bb8 43. Bb7 Bb5 44. a7 Bxa7 45. Bxa7 Kf6 46. Bc8 Kg5 47.
Be3+ Kg6 48. h3 gxh3 49. Bxh3 Bd3 50. Bf1 Be4 51. Bb5 Kf5 52. Be8 1-0

[Event "Schachfestival Basel"]
[Site "?"]
[Date "2017.01.03"]
[Round "2.45"]
[White "Bender, Dirk"]
[Black "Tschann, Stephan"]
[Result "0-1"]
[WhiteElo "2050"]
[BlackElo "2208"]
[PlyCount "58"]
[EventDate "2017.01.??"]
[EventType "swiss"]
[EventRounds "9"]

1. c4 e6 2. g3 d5 3. cxd5 exd5 4. d4 c6 5. Bg2 Bd6 6. e3 Nf6 7. Ne2 Bf5 8. Nbc3
O-O 9. f3 Re8 10. O-O c5 11. Kh1 Nc6 12. Nb5 Bf8 13. dxc5 Bxc5 14. Nbd4 Bd7 15.
a3 a5 16. Nc2 Qb6 17. g4 h6 18. h4 Rad8 19. Nc3 Qb3 20. g5 hxg5 21. hxg5 Nh5
22. f4 Ng3+ 23. Kg1 Nxf1 24. Bxd5 Be6 25. Bxe6 Rxe6 26. Qe2 Ng3 27. Qg2 Nf5 28.
Ne4 Bxe3+ 29. Nxe3 Nxe3 0-1

[Event "Schachfestival Basel"]
[Site "?"]
[Date "2017.01.03"]
[Round "2.46"]
[White "Furman, Boris"]
[Black "Ditzler, Juerg"]
[Result "1-0"]
[WhiteElo "2205"]
[BlackElo "2052"]
[PlyCount "107"]
[EventDate "2017.01.??"]
[EventType "swiss"]
[EventRounds "9"]

1. d4 g6 2. c4 Bg7 3. Nc3 d6 4. Nf3 Nd7 5. Bg5 h6 6. Bh4 Ngf6 7. e3 g5 8. Bg3
Nh5 9. Nd2 Nxg3 10. hxg3 e5 11. d5 Nf6 12. Be2 a5 13. g4 Bd7 14. Nde4 b6 15.
Nxf6+ Qxf6 16. Bd3 Qe7 17. Ne4 a4 18. a3 h5 19. Rxh5 Rxh5 20. gxh5 f5 21. h6
fxe4 22. hxg7 Qxg7 23. Bxe4 O-O-O 24. Qc2 Rh8 25. O-O-O g4 26. g3 Qf6 27. Rh1
Rxh1+ 28. Bxh1 Qh6 29. Be4 Qh2 30. Qe2 Qg1+ 31. Kd2 Qa1 32. Kc3 Kb7 33. Bc2 Qa2
34. Qf1 b5 35. cxb5 Qxd5 36. Qc4 Qxb5 37. Qxb5+ Bxb5 38. Bf5 Be2 39. Be4+ Kb6
40. Kd2 Bc4 41. Bf5 Bf7 42. Bxg4 Kc5 43. Bd1 Be8 44. f4 exf4 45. exf4 Kd4 46.
Bc2 Bd7 47. Ke2 c5 48. Kf3 c4 49. g4 c3 50. bxc3+ Kxc3 51. Be4 Kb2 52. g5 Kxa3
53. g6 Kb2 54. Bd5 1-0

[Event "Schachfestival Basel"]
[Site "?"]
[Date "2017.01.03"]
[Round "2.47"]
[White "Faraone, Ettore"]
[Black "Lorscheid, Gerhard"]
[Result "1-0"]
[WhiteElo "2033"]
[BlackElo "2203"]
[PlyCount "53"]
[EventDate "2017.01.??"]
[EventType "swiss"]
[EventRounds "9"]

1. e4 d6 2. d4 Nf6 3. Nc3 g6 4. Be2 Bg7 5. Be3 c6 6. h3 Qa5 7. Qd2 O-O 8. f4 e5
9. O-O-O b5 10. dxe5 dxe5 11. fxe5 Nfd7 12. Nf3 Nxe5 13. Bh6 Nbd7 14. Bxg7 Kxg7
15. Qd4 Re8 16. Rhf1 Bb7 17. Ng5 Re7 18. Bg4 Rae8 19. Bxd7 Rxd7 20. Qxd7 Nxd7
21. Rxd7 b4 22. Rfxf7+ Kh8 23. Rxh7+ Kg8 24. Rdg7+ Kf8 25. Rf7+ Kg8 26. Rhg7+
Kh8 27. Rxg6 1-0

[Event "Schachfestival Basel"]
[Site "?"]
[Date "2017.01.03"]
[Round "2.48"]
[White "Sieber, Fiona"]
[Black "Schmuki, Roman"]
[Result "1-0"]
[WhiteElo "2203"]
[BlackElo "2048"]
[PlyCount "87"]
[EventDate "2017.01.??"]
[EventType "swiss"]
[EventRounds "9"]

1. e4 e6 2. d4 d5 3. Nc3 Nf6 4. e5 Nfd7 5. f4 c5 6. Nf3 Nc6 7. Be3 b6 8. Be2
Be7 9. O-O O-O 10. Kh1 f5 11. Qe1 Bb7 12. Rd1 a6 13. a4 Nb4 14. Rd2 Qe8 15. Rg1
Rc8 16. Bd1 Nb8 17. Ne2 c4 18. g4 fxg4 19. Rxg4 g6 20. Bf2 Bc6 21. Nc3 b5 22.
Bh4 Rc7 23. Rdg2 Rf5 24. Bxe7 Qxe7 25. Ng5 Be8 26. Qg3 bxa4 27. Rh4 Rxg5 28.
fxg5 N4c6 29. Rf4 Nd8 30. Bg4 Rb7 31. Nd1 c3 32. Qxc3 Rc7 33. Qd2 a3 34. bxa3
Qxa3 35. Rgf2 Bf7 36. R4f3 Qe7 37. Rb3 Nbc6 38. Be2 a5 39. Bb5 Ra7 40. Ba4 Be8
41. Rbf3 Nxe5 42. dxe5 Bxa4 43. Qf4 Bxc2 44. Rxc2 1-0